00641nam a2200169 a 450000100060000000300090000600800410001504000280005608200170008410000220010124500270012326000630015030000110021350502100022465000150043465000220044917142CO-ViMGA141112s2004 ck r 000 u spa d aCO-ViMGAbspacCO-ViMGA04a620.82 W452b1 aWilches, Mauricio10aBioingenieria . Tomo V aMedellín (Antioquia), cUniversidad de Antioquia, c1995 a476.p. aExamenes clínicos mas comunes Principios y componentes básicos utilizados en análisis químico Espectroscopia Cromatografía Uso de computadores en ánalisis químico Interfaces y manejo de datos14aBIOQUIMICA14aINGENIERIA HUMANA